Crítica a la ambivalencia postmarxista = Critic about the post-marxist ambivalence /
El autor debate una serie de conceptos y postulados de lo que denomina genéricamente la corriente post-marxista, que se auto identifica como contestaria, y que se extiende particularmente en la década de los noventa del siglo XX. Este enfoque post-marxista pretende revisar, superar o diluir algunos...
Αποθηκεύτηκε σε:
| Κύριος συγγραφέας: | |
|---|---|
| Μορφή: | Κείμενο |
| Θέματα: | |
| Διαθέσιμο Online: | damohe@costarricense.cr |
| Ετικέτες: |
Προσθήκη ετικέτας
Δεν υπάρχουν, Καταχωρήστε ετικέτα πρώτοι!
|
MARC
| LEADER | 00000 a a2200000 04500 | ||
|---|---|---|---|
| 001 | 39983 | ||
| 003 | |||
| 040 | |||
| 100 | |a Morera Herrera, David | ||
| 245 | |a Crítica a la ambivalencia postmarxista = |b Critic about the post-marxist ambivalence / |c David Morera Herrera | ||
| 520 | |a El autor debate una serie de conceptos y postulados de lo que denomina genéricamente la corriente post-marxista, que se auto identifica como contestaria, y que se extiende particularmente en la década de los noventa del siglo XX. Este enfoque post-marxista pretende revisar, superar o diluir algunos ejes del paradigma marxista, fundamentalmente la centralidad de las clases sociales en el mundo contemporáneo y la lucha de clases como motor del cambio social. En ese marco, este enfoque se apropia y construye sus teorías sobre la base de nuevas y no tan nuevas categorías tales como globalización, sociedad civil y ciudadanía, dándoles diversos contenidos. El autor trata de identificar a qué responde ese movimiento intelectual, cuáles son sus alcances y limitaciones; además, lo confronta, procurando reivindicar la esencia radical del pensamiento marxista. | ||
| 590 | |a EFU/AGOSTO2010 | ||
| 650 | |a MARXISMO | ||
| 650 | |a GLOBALIZACION | ||
| 650 | |a CIUDADANIA | ||
| 650 | |a MOVIMIENTOS SOCIALES | ||
| 650 | |a CLASES SOCIALES | ||
| 650 | |a COSTA RICA | ||
| 773 | |g número120 (2008), páginas 81-100 : tablas | ||
| 856 | |u damohe@costarricense.cr | ||
| 999 | |c 39217 |d 39217 | ||
| 773 | 0 | |0 18728 |9 3024 |a Universidad de Costa Rica |d San José, Costa Rica Editorial UCR 1956- |o 07868 |t Revista de Ciencias Sociales/ |x 04825276 | |
